Habermas and modernity / (Record no. 77288)

MARC details
000 -LEADER
campo de control de longitud fija 00722nam a2200229 i 4500
001 - NÚMERO DE CONTROL
campo de control 77288
003 - IDENTIFICADOR DE NÚMERO DE CONTROL
campo de control ES-MaACL
005 - FECHA Y HORA DE LA ÚLTIMA TRANSACCIÓN
campo de control 20230906173140.0
007 - CAMPO FIJO DE DESCRIPCIÓN FÍSICA--INFORMACIÓN GENERAL
campo de control de longitud fija t|
008 - DATOS DE LONGITUD FIJA--INFORMACIÓN GENERAL
campo de control de longitud fija 041007s1985 xxk ||||1| eng d
020 ## - NÚMERO INTERNACIONAL ESTÁNDAR DEL LIBRO
Número Internacional Estándar del Libro 0-7456-0067-0
245 00 - MENCIÓN DEL TÍTULO
Título Habermas and modernity /
Mención de responsabilidad, etc. [Anthony Giddens ... et al.] ; edited with an introduction by Richard J. Bernstein.
260 ## - PUBLICACIÓN, DISTRIBUCIÓN, ETC.
Lugar de publicación, distribución, etc. Cambridge :
Nombre del editor, distribuidor, etc. Polity Press,
Fecha de publicación, distribución, etc. 1985.
300 ## - DESCRIPCIÓN FÍSICA
Extensión VIII, 243 p. ;
Dimensiones 22 cm.
490 1# - MENCIÓN DE SERIE
Mención de serie Social and political theory
500 ## - NOTA GENERAL
Nota general Indice.
700 1# - ENTRADA AGREGADA--NOMBRE PERSONAL
Nombre de persona Giddens, Anthony.
9 (RLIN) 56672
700 1# - ENTRADA AGREGADA--NOMBRE PERSONAL
Nombre de persona Bernstein, Richard J.
9 (RLIN) 28362
830 0# - PUNTO DE ACCESO ADICIONAL DE SERIE-TÍTULO UNIFORME
Título uniforme Social and political theory
9 (RLIN) 231340
852 ## - LOCALIZACIÓN
Ubicación ES-MaACL
Número de control de estantería L-10832
Sublocalización o colección R.112592
Holdings
Estatus retirado Estado de pérdida Estado de daño No para préstamo Biblioteca de origen Biblioteca actual Ubicación en estantería Fecha de adquisición Fuente de adquisición Total de préstamos Signatura topográfica completa Código de barras Visto por última vez Precio de reemplazo Tipo de ítem Koha
        Biblioteca del Ateneo de Madrid Biblioteca del Ateneo de Madrid Depósito 2 17/01/2008     L-10832 1080865 23/02/2023 23/02/2023 Libro impreso